The Learning Paradox Gaining Success And Security In A World Of Change (Record no. 41224)

MARC details
000 -LEADER
fixed length control field 00406nam a2200133Ia 4500
008 - FIXED-LENGTH DATA ELEMENTS--GENERAL INFORMATION
fixed length control field 240719s9999 xx 000 0 und d
041 ## - LANGUAGE CODE
Language code of text/sound track or separate title eng
082 ## - DEWEY DECIMAL CLASSIFICATION NUMBER
Classification number 303.3 HAR
100 ## - MAIN ENTRY--PERSONAL NAME
Personal name Haarris JIM
245 ## - TITLE STATEMENT
Title The Learning Paradox Gaining Success And Security In A World Of Change
260 ## - PUBLICATION, DISTRIBUTION, ETC.
Place of publication, distribution, etc. UK
Name of publisher, distributor, etc. Capstone A Wiley Brand
Date of publication, distribution, etc. 2001
300 ## - PHYSICAL DESCRIPTION
Extent 447.;P. 24 Cm
520 ## - SUMMARY, ETC.
Summary, etc. Gifted By : IMT Faculty Dr.senthil kumar
Holdings
Withdrawn status Lost status Damaged status Not for loan Home library Current library Shelving location Date acquired Full call number Barcode Date last seen Price effective from Koha item type Public note
        IMTN IMTN Rack 6-B 05/17/2023 303.3 HAR 32919 07/19/2024 07/19/2024 Books Gifted
Designed & Maintained by: LRC IMT Nagpur Contact: lrc@imtnag.ac.in© 2024. All Rights Reserved.